Southville International School and Colleges
Your cart is empty.
  • Cart
  • Lists
    Public lists Eva Luna New books Lux_list list_1
    Your lists Log in to create your own lists
  • Log in to your account
  • Your cookies
  • Search history
Southville International School and Colleges
  • Advanced search
  • Recent comments
  • Most popular
  • Libraries

Log in to your account

Log in with GOOGLE


If you do not have an external account, but do have a local account, you can still log in:

  1. Home
  2. MARC view: Manual of laboratory safety :
Normal view MARC view ISBD view

Manual of laboratory safety : (Record no. 278737)

[ view plain ]
MARC details
000 -LEADER
fixed length control field 01419cam a2200301 i 4500
001 - CONTROL NUMBER
control field 17925190
005 - DATE AND TIME OF LATEST TRANSACTION
control field 20150127102830.0
008 - FIXED-LENGTH DATA ELEMENTS--GENERAL INFORMATION
fixed length control field 131031s2013 ii a b 001 0 eng
010 ## - LIBRARY OF CONGRESS CONTROL NUMBER
LC control number 2013431383
020 ## - INTERNATIONAL STANDARD BOOK NUMBER
International Standard Book Number 9789350906224 (paperback)
040 ## - CATALOGING SOURCE
Original cataloging agency DLC
Language of cataloging eng
Transcribing agency DLC
Description conventions rda
Modifying agency DLC
042 ## - AUTHENTICATION CODE
Authentication code pcc
050 00 - LIBRARY OF CONGRESS CALL NUMBER
Classification number QH 323.2
Item number .R37 2013
082 00 - DEWEY DECIMAL CLASSIFICATION NUMBER
Classification number 610.28/4
100 1# - MAIN ENTRY--PERSONAL NAME
Personal name Rashid, Najat.
245 10 - TITLE STATEMENT
Title Manual of laboratory safety :
Remainder of title chemical, radioactive, and biosafety with biocides /
Statement of responsibility, etc Najat Rashid, MSc, PhD (UK), director, Federal Medical Laboratories, consultant, Clinical and Molecular Biochemist, Ministry of Health, United Arab Emirates, Ramnik Sood, MD (Path, Gold Medalist), consultant, Reem Medical and Diagnostic Center, Healthcare Mena Limited, Sharjah, United Arab Emirates ; foreword, Mansour Al-Zarouni.
250 ## - EDITION STATEMENT
Edition statement 1st ed.
260 ## - PUBLICATION, DISTRIBUTION, ETC. (IMPRINT)
Place of publication, distribution, etc New Delhi :
Name of publisher, distributor, etc Jaypee Brothers Medical Publishers (P) LTD,
Date of publication, distribution, etc c2013.
300 ## - PHYSICAL DESCRIPTION
Extent xii, 162 pages :
Other physical details illustrations (some color) ;
Dimensions 24 cm.
504 ## - BIBLIOGRAPHY, ETC. NOTE
Bibliography, etc Includes bibliographical references (pages 153-155) and index.
650 #0 - SUBJECT ADDED ENTRY--TOPICAL TERM
Topical term or geographic name as entry element Biological laboratories
General subdivision Safety measures.
650 #0 - SUBJECT ADDED ENTRY--TOPICAL TERM
Topical term or geographic name as entry element Medical laboratories
General subdivision Safety measures.
650 #0 - SUBJECT ADDED ENTRY--TOPICAL TERM
Topical term or geographic name as entry element Laboratories
General subdivision Safety measures.
700 1# - ADDED ENTRY--PERSONAL NAME
Personal name Sood, Ramnik.
906 ## - LOCAL DATA ELEMENT F, LDF (RLIN)
a 7
b cbc
c orignew
d 2
e ncip
f 20
g y-gencatlg
942 ## - ADDED ENTRY ELEMENTS (KOHA)
Source of classification or shelving scheme Library of Congress Classification
Koha item type Books
Holdings
Withdrawn status Lost status Source of classification or shelving scheme Damaged status Home library Current library Shelving location Date acquired Source of acquisition Sub Shelving location Total Checkouts Full call number Barcode Date last seen Price effective from Koha item type
    Library of Congress Classification   South SEED-LPDH College Library South SEED-LPDH College Library South SEED-LPDH College Section 01/27/2015 Library Fund     QH 323.2 .R37 2013 SSLC1396 04/20/2017 01/27/2015 Books

Manual of laboratory safety :

APA

Rashid N., Sood R., . (2013). Manual of laboratory safety. New Delhi: Jaypee Brothers Medical Publishers (P) LTD.

Chicago

Rashid Najat, Sood Ramnik, . 2013. Manual of laboratory safety. New Delhi: Jaypee Brothers Medical Publishers (P) LTD.

Harvard

Rashid N., Sood R., . (2013). Manual of laboratory safety. New Delhi: Jaypee Brothers Medical Publishers (P) LTD.

MLA

Rashid Najat, Sood Ramnik, . Manual of laboratory safety. New Delhi: Jaypee Brothers Medical Publishers (P) LTD. 2013.

  • Place hold
  • Print
  • Cite
  • Add to your cart (remove)
  • Save record
    BIBTEX Dublin Core MARCXML MARC (non-Unicode/MARC-8) MARC (Unicode/UTF-8) MARC (Unicode/UTF-8, Standard) MODS (XML) RIS
  • More searches
    Search for this title in:
    Other Libraries (WorldCat) Other Databases (Google Scholar) Online Stores (Bookfinder.com) Open Library (openlibrary.org)

Exporting to Dublin Core...

SOUTHVILLE LIBRARY

Southville International School and Colleges Library

1281 Tropical Ave. Cor. Luxembourg St., BF Homes International, Las Pinas City

Tel. No. 8256374 / 252358 Loc. 117/146

Powered by Koha